01005nam a22002417a 4500999001700000003000900017008004100026040007100067082002400138100002300162245004200185260005800227300002800285440004100313505015500354650002000509650003100529650001700560700004600577942001600623945002100639952010300660 c11736d11736AR-CdUCM190404b ||||| |||| 00| 0 spa d aMUNICIPALIDAD PROVINCIAL DEL CUSCOcBIBLIOTECA MUNICIPAL DEL CUSCO a641.1 /bC35 / 1946 aCastro, Josué de aLa alimentación en los trópicos / aMéxico, D.F :bFondo de Cultura Económica,c1946. a204 páginas ;c21 cm. aColección tierra firme n18929233 aContenido: Metabolismo energético de los trópicos -- Aspecto cualitativo de la alimentación de los trópicos -- Sales minerales -- Vitaminas... aAlimentos97656 aRegiones tropicales929234 aBrasil91261 aReyes Mora, Alfonso (traducción)929235 2ddccLIBROS adavvd04/04/2019 002ddc4070aSCAbSCAcCARTd2019-04-04g25.00o641.1 / C35 /1946pSCA0001682r2019-04-04yLIBROS